Qui est le capitaine des nations qui ont participé a la CDM 2022 ? - Statistiques

Statistiques générales
  • Ce quiz a été pris 58 fois
  • Le résultat moyen est 14 sur 32
Statistiques - réponses
Nation Capitaine % Correct
🇫🇷 France Hugo Lloris
98%
🇦🇷 Argentine Lionel Messi
96%
🏴󠁧󠁢󠁥󠁮󠁧󠁿 Angleterre Harry Kane
91%
🇵🇹 Portugal Cristiano Ronaldo
89%
🇭🇷 Croatie Luka Modrić
80%
🇵🇱 Pologne Robert Lewandowski
76%
🇳🇱 Pays Bas Virgil van Dijk
75%
🏴󠁧󠁢󠁷󠁬󠁳󠁿 Pays de Galles Gareth Bale
69%
🇩🇪 Allemagne Manuel Neuer
65%
🇧🇪 Belgique Eden Hazard
62%
🇸🇳 Sénégal Kalidou Koulibaly
62%
🇨🇷 Costa Rica Keylor Navas
60%
🇰🇷 Corée du Sud Son Heung-min
60%
🇧🇷 Brésil Thiago Silva
55%
🇪🇨 Equateur Enner Valencia
51%
🇨🇭 Suisse Granit Xhaka
49%
🇪🇸 Espagne Sergio Busquets
42%
🇩🇰 Danemark Simon Kjaer
40%
🇺🇾 Uruguay Diego Godín
36%
🇲🇦 Maroc Romain Saïss
35%
🇬🇭 Ghana André Ayew
33%
🇷🇸 Sérbie Dušan Tadić
15%
🇨🇦 Canada Atiba Hutchinson
13%
🇦🇺 Australie Mathew Ryan
11%
🇯🇵 Japon Maya Yoshida
11%
🇺🇸 Etats Unis Tyler Adams
9%
🇲🇽 Mexique Andrés Guardado
7%
🇹🇳 Tunisie Youssef Msakni
5%
🇨🇲 Cameroun Eric-Maxim Choupo-Moting
4%
🇸🇦 Arabie Saoudite Salman Al-Faraj
4%
🇮🇷 Iran Ehsan Hajsafi
2%
🇶🇦 Qatar Hassan Al Haidos
2%
Aucun quiz correspondant
Distribution des résultats
% des personnes avec chaque résultat
Percentile par nombre de réponses
Votre historique - résultats
Vous n’avez pas pris ce quiz